000 00583cam a2200217ua 4500
001 4323
005 20260515113821.0
008 111223n ii |||gr||||Z||||||eng
020 _a81-89110-22-5
020 _a978-81-89110-22-2
040 _cMAIN
082 _a305.4
100 1 _aJoshi, Ila,
_eEditor.,
245 1 1 _aWomen networking :
_bits applications and implications /
_ced. by Ila Joshi
250 _a1st.
260 _aDelhi:
_bThe world press,
_c2010.
300 _axxvi; 212p:
_c23cm.
653 _aSocial group of women
653 _aWomen networking
942 _cBK
999 _c4138
_d4138